| 000 | 02233cam a2200313 a 4500 | ||
|---|---|---|---|
| 001 | 5066250 | ||
| 003 | 000027 | ||
| 005 | 20220326193245.0 | ||
| 008 | 040628s2004 nyua f 000 0 eng | ||
| 015 |
_aGBA466655 _2bnb |
||
| 016 | 7 |
_a012991587 _2Uk |
|
| 020 | _a0870700014 (hbk.) | ||
| 035 | _a(OCoLC)ocm56651265 | ||
| 035 | _a(NNC)5066250 | ||
| 040 |
_aUKM _cUKM _dNNC _dOrLoB-B |
||
| 082 | 0 | 4 |
_a708.1471 _bSC365a _222 |
| 245 | 0 | 0 |
_aArt in our time : _ba chronicle of the Museum of Modern Art / _cedited by Harriet Schoenholz Bee and Michelle Elligott. |
| 260 |
_aNew York : _bMuseum of Modern Art, _c2004. |
||
| 300 |
_a256 p. : _bill. (some col.) ; _c28 cm. |
||
| 505 | 0 | 0 |
_tForeword / _rGlenn D. Lowry -- _tIntroduction / _rHarriet S. Bee and Michelle Elligott -- _t1929-1939 : the first ten years -- _t1940-1953 : road to victory -- _t1954-1964 : masters of modern art -- _t1965-1972 : word and image -- _t1973-1984 : transformations -- _t1985-1994 : allegories of modernism -- _t1995-2004 : modern contemporary. |
| 520 | 1 | _a"This volume chronicles the Museum's story from its opening, ten days after the stock market crash of 1929, in a few rented rooms in a midtown office building, up to the present day, in its new building on West Fifty-third and Fifty-fourth streets. The book presents a pictorial and documentary review of each year, and each important period, of the Museum's history. It tells the story of how The Museum of Modern Art, New York, began as a small set of art galleries inaugurated by three ladies of means who had a passion for modern art. Through a selection of photographs, official documents, letters, quotations, newspaper clippings, cartoons, and other ephemera, the complex and multilayered history of the Museum unfolds in a visual march through time, revealing the extraordinary vision of a determined group of individuals who had the ability and courage to translate their vision into reality."--BOOK JACKET. | |
| 610 | 2 | 0 |
_aMuseum of Modern Art (New York, N.Y.) _xHistory. _972 |
| 650 |
_aMuseos de arte _973 |
||
| 650 |
_aColecciones de 1929 al 2004 _974 |
||
| 651 |
_aEstados Unidos _975 |
||
| 700 | 1 |
_aBee, Harriet Schoenholz. _976 |
|
| 700 | 1 |
_aElligott, Michelle. _977 |
|
| 900 | _bTOC | ||
| 999 |
_c13 _d13 |
||